| 000 | 00656nam a2200217Ia 4500 | ||
|---|---|---|---|
| 003 | BUBTL | ||
| 008 | 151213s9999 xx 000 0 und d | ||
| 082 | _a347.5491077/ M2786s/ 1997 | ||
| 100 |
_aMahmood, Shaukat _92419 |
||
| 245 |
_aThe Specific Relief Act (1-1877) _cShaukat Mahmood and Nadem Shaukat |
||
| 250 | _a7th | ||
| 260 |
_aLahare _bLegal Research Center _cc1997 |
||
| 300 |
_a[vi],490p. : _c21 cm. |
||
| 500 | _aIncludes Index. | ||
| 650 | _aLaw | ||
| 650 |
_aLaw _94278 |
||
| 700 | _aShaukat Mahmood and Nadem Shaukat | ||
| 856 |
_k0 _l0 _yDownload |
||
| 942 |
_2ddc _cBK |
||
| 999 |
_c2223 _d2223 |
||